000 00407nam a2200145Ia 4500
008 231217s9999 xx 000 0 und d
041 _aEnglish
082 _a001.6424FOR PLU;1 R
100 _aPlumb, S C.
245 0 _aIntroduction to Fortran : a program for self-instruction
260 _c1961
_bMcGraw-Hill
_aNew York
300 _av+203
650 _aFortran,program,self-instruction
942 _cAA
999 _c180962
_d180962